La Escuela de Matemática de la Universidad de Costa Rica: una reseña histórica

محفوظ في:
التفاصيل البيبلوغرافية
المؤلف الرئيسي: Barrantes Campos, Hugo
مؤلفون آخرون: Ruiz Zúñiga, Angel, 1954-, Campos Bejarano, Pilar
التنسيق: كتاب
اللغة:Undetermined
منشور في: San José, C.R. : A. Ruiz Z. 1994.
الموضوعات:
الوسوم: إضافة وسم
لا توجد وسوم, كن أول من يضع وسما على هذه التسجيلة!

MARC

LEADER 00000nam a2200000Ia 4500
003 000819
005 20221231144007.0
008 140114s9999 xx 000 0 und d
040 |c cru CEDI 
082 |a 378.728.6 B268e 
100 |a Barrantes Campos, Hugo  |9 20457 
245 |a La Escuela de Matemática de la Universidad de Costa Rica: una reseña histórica 
260 |a San José, C.R. : A. Ruiz Z.  |c 1994. 
650 |x UNIVERSIDAD DE COSTA RICA.. ESCUELA DE MATEMATICA - HISTORIA  |9 20460 
700 |9 20458  |a Ruiz Zúñiga, Angel, 1954- 
700 |9 20459  |a Campos Bejarano, Pilar 
942 |2 ddc  |c BK 
999 |c 15330  |d 15330